000 00420nam a2200169 a 4500
001 0000-9319
003 ELIB.Books
008 110520 1965
035 _a(ELIB.Books)0000-9471
082 _a248
_bHil
100 _aHillis, Don W.
245 _aWhen God Calls the Signals
260 _bChicago: Moody Press
_c1965
650 _aChristian Life
942 _2ddc
_cBK
998 _cbat
_e2011-05-20
999 _c9319
_d9319